Elementos de solfeo para uso de las Escuelas Normales, dedicadas a la Excma. Diputación provincial de Barcelona / por Rosendo March
Descripción Física:
[120] p. ; 29 cm
MARC
| LEADER | 00000nam a2200000Ia 4500 | ||
|---|---|---|---|
| 001 | 18471 | ||
| 008 | 160829s1879 xx 000 0 cat d | ||
| 080 | |a 1387, exp. 5 | ||
| 100 | |a March, Rosendo |9 48267 | ||
| 245 | |a Elementos de solfeo para uso de las Escuelas Normales, dedicadas a la Excma. Diputación provincial de Barcelona / por Rosendo March | ||
| 260 | |a Barcelona : |b [s.n.], |c 1879 | ||
| 300 | |a [120] p. ; |c 29 cm | ||
| 590 | |a Manuscrit | ||
| 650 | |a Solfeig |x Ensenyament |9 48268 | ||
| 650 | |a Partitures |x Lectura i execució |9 48269 | ||
| 710 | 1 | |a Barcelona (Catalunya : Província). |b Diputació |9 52408 | |
| 901 | |a Arxiu | ||
| 942 | |n 1 | ||
| 952 | |0 0 |1 0 |4 0 |6 1387_EXP_5 |7 1 |9 54435 |a Arxiu |b Arxiu |d 2016-12-01 |l 0 |o 1387, exp. 5 |p 18471 |r 2016-12-01 00:00:00 |w 2016-12-01 |y ARXIU | ||
| 999 | |c 58304 |d 58304 | ||